| 000 | 00684nam a22002177a 4500 | ||
|---|---|---|---|
| 003 | OSt | ||
| 005 | 20250627091528.0 | ||
| 008 | 201022s1987 ck ||||er|||| 00| pdspa d | ||
| 020 | _a9580600678 | ||
| 040 |
_aCO-JMCR _cCO-JMCR |
||
| 041 | 0 | _aspa | |
| 082 | 0 | 4 |
_aA-P _bCARh _223 |
| 100 | 1 |
_a Carranza, María Mercedes, _eautora _911797 |
|
| 245 | 1 | 0 |
_aHola, soledad : _bpoemas 1985-1987 / _cMaría Mercedes Carranza |
| 260 |
_aBogotá : _bOveja Negra, _c1987 |
||
| 300 |
_a48 páginas ; _c22 cm. |
||
| 500 | _aIncluye datos biográficos de la autora. | ||
| 520 | 3 | _aHola soledad reúne 19 poemas escritos entre 1985 y 1987. | |
| 650 | 1 | 4 |
_aPoesía colombiana _911798 |
| 942 |
_2ddc _cBK |
||
| 999 |
_c6952 _d6952 |
||